Os principale - Statistiques

Statistiques générales
  • Ce quiz a été pris 56 fois
  • Le résultat moyen est 10 sur 24
Statistiques - réponses
Réponse % Correct
fémur jambe
85%
tibia jambe
83%
humérus bras
66%
radius bras
64%
côtes cages
57%
crane tête
57%
cubitus bras
57%
péroné jambe
57%
métacarpe main
51%
phalanges main
51%
phalanges pieds
51%
métatarse pieds
45%
rotule jambe
45%
sternum cages
45%
carpe main
40%
clavicule cages
38%
mandibule tête
34%
tarse pieds
34%
os frontal tête
28%
os temporal tête
21%
thorax cages
11%
os hyoide colones vertébrale
6%
vétebres colones vertébrale
2%
maxillaire supérieur tête
0%
Aucun quiz correspondant
Distribution des résultats
% des personnes avec chaque résultat
Percentile par nombre de réponses
Votre historique - résultats
Vous n’avez pas pris ce quiz